100 Most Influential Musician and Bands in my Opinion - Statistics

General Stats
  • This quiz has been taken 716 times
  • The average score is 42 of 101
Answer Stats
Number Musical Piece Answer % Correct
1 Hey Jude The Beatles
97%
8 Thriller Michael Jackson
95%
2 Jailhouse Rock Elvis Presley
91%
65 Smells like Teen Spirit Nirvana
88%
68 Highway to Hell AC/DC
85%
5 Sympathy for the Devil The Rolling Stones
85%
77 Stairway to Heaven Led Zeppelin
80%
3 Moonlight Sonata Ludwig van Beethoven
79%
21 Stayin Alive Bee Gees
78%
34 Oops, I did it again Britney Spears
78%
4 Respect Aretha Franklin
77%
47 Material Girl Madonna
77%
6 Eine kleine Nachtmusik W.A. Mozart
76%
43 Enter Sandman Metallica
74%
55 New York, New York Frank Sinatra
73%
99 Umbrella Rihanna
73%
48 Single Ladys Beyonce
72%
25 What A Wonderful World Louis Armstrong
72%
22 No Woman, No Cry Bob Marley
71%
93 Roxanne The Police
71%
10 Good Vibrations The Beach Boys
70%
20 Like a Rolling Stone Bob Dylan
69%
75 Candle in the Wind Elton John
69%
86 Creep Radiohead
69%
35 Lose yourself Eminem
68%
23 Anarchy in the UK Sex Pistols
67%
7 Brandenburg Concertos J.S. Bach
66%
24 Wish You Were Here Pink Floyd
65%
87 Sound of Silence Simon and Garfunkel
65%
59 London Calling The Clash
65%
52 Johnny B. Goode Chuck Berry
64%
78 Smoke on the Water Deep Purple
64%
17 Paranoid Black Sabbath
63%
46 Heroes David Bowie
62%
79 Layla Eric Clapton
60%
57 Purple Haze Jimmy Hendrix
58%
41 Baba O'Riley The Who
58%
40 Folsom Prison Blues Johnny Cash
53%
58 Blitzkrieg Bob The Ramones
53%
16 Hit the Road, Jack Ray Charles
52%
28 i just called to say i love you Stevie Wonder
52%
45 The Four Seasons Antonio Vivaldi
50%
44 Personal Jesus Depeche Mode
48%
15 Fuck the Police NWA
48%
92 Ace of Spades Motörhead
47%
49 Fight for your Right (to Party) Beastie Boys
45%
50 Sex Machine James Brown
43%
18 The Nutcracker Peter Tchaikovsky
42%
67 Hallelujah Leonhart Cohen
41%
62 La Vie en rose Edith Piaf
39%
89 Invisible Touch Genesis
38%
42 Harder, Faster, Better, Stronger Daft Punk
36%
83 Nocturnes, Op. 9 Frederic Chopin
36%
82 Love will tear us apart Joy Division
35%
9 Fight the Power Public Enemy
34%
100 Our House Madness
33%
61 Clair de Lune Claude Debussy
31%
14 La Traviata Giuseppe Verdi
31%
76 Blueberry Hill Fats Domino
30%
64 Kickstart My Heart Mötley Crüe
30%
51 How Soon Is Now? The Smiths
30%
72 St. Louis Blues Bessie Smith
29%
19 Water Music G.F. Händel
29%
81 Fear of the Dark Iron Maiden
28%
71 The Entertainer Scott Joplin
28%
97 An der blauen Donau Johann Strauss
26%
32 Autobahn Kraftwerk
24%
80 In the Hall of the Mountain King Edvard Grieg
22%
13 Canon in D Major Johann Pachelbel
22%
30 Die Winterreise Franz Schubert
18%
33 Hangin' Tough New Kids from the Block
18%
31 Sunday Morning The Velvet Underground
18%
70 Once Upon a Time in the West OST Ennio Morricone
17%
27 Le sacre du printemps Igor Stravinsky
17%
38 West Side Story OST Leonard Bernstein
17%
39 This Land is your Land Woody Guthrie
17%
53 The Creation Joseph Haydn
16%
56 So What Miles Davis
16%
88 Everyday People Sly and the Family Stone
16%
84 Symphony From the New World Antonin Dvorak
15%
98 The Message Grandmaster Flash
15%
51 Dream a Little Dream Of Me Ella Fitzgerald
14%
96 Bobby Brown goes down Frank Zappa
13%
11 Crossroads Robert Johnson
13%
54 Sinnerman Nina Simone
12%
63 Je t'aime… moi non plus Serge Gainsburg
12%
69 Symphony Phantastique Hector Berlioz
10%
73 Take The 'A' Train Duke Ellington
9%
60 My Favorite Things John Coltrane
8%
94 L’Orfeo Claudio Monteverdi
6%
26 Verklärte Nacht Arnold Schönberg
4%
12 Cadmus et Hermione Jean-Baptiste Lully
4%
36 Small Axe (as Producer) Lee Perry
4%
66 Concerto for Recorder and Viola da Gamba Georg Philipp Telemann
3%
74 Gesang der Jünglinge Karlheinz Stockhausen
3%
91 Wildwood Flower The Carter Family
3%
37 Minor Swing Django Reinhardt
2%
95 Wedding March Felix Mendelssohn Bartholdy
2%
29 Guns of Navarone The Skatalites
2%
85 Pictures of an Exhibition Modest Mussorksy
0%
90 Dhun Ravi Shankar
0%
No matching quizzes found
Score Distribution
Percent of People with Each Score
Percentile by Number Answered
Your Score History
You have not taken this quiz